000 00407nam a2200133Ia 4500
008 151015s9999 xx 000 0 und d
020 _a9.7801361371e+012
050 _aZ52.5M52J637 2007
250 _a_Brilliant Word 2007 what you need to know and how to do it
300 _aEngland Pearson education 2007
500 _ainclude Index
650 _a_Microsoft Word
700 _a^d20110119 10:16:17^okilerai
999 _c860
_d860